000 02222cam a22005054i 4500
003 PE-LiUPU
005 20250731173146.0
008 150623s1996 inua rb 000 0 eng d
020 _a0916035697
035 _a(Sirsi) i9780916035693
040 _aPE-LiUPU
_bspa
_cPE-LiUPU
_erda
049 _aPRUA
082 0 4 _a248.4
_bJ79
_221
100 1 _aJoy, Donald Marvin,
_eautor.
245 1 0 _aBonding :
_brelationships in the image of God /
_cDonald M. Joy.
264 1 _aNappanee, IN :
_bEvangel Publishing House,
_c1996.
300 _a160 p. :
_bilustraciones ;
_c23 centímetros
336 _atext
_2rdacontent
337 _aunmediated
_2rdamedia
338 _avolume
_2rdacarrier
504 _aIncluye bibliografía.
505 0 _aToxic Lostness. On Splitting The Adam! -- Pair Bonding: What God Joins Together -- What Has Gone Wrong With The Bonding -- Conception: Differentiating The Adam -- Birth Bonding: Bring On The "Double Adam" -- Parents And Children: For Each Other -- Launching Your Teens: Is There Life After Puberty? -- Life, Love, And Eternity: The Ultimate Intimacy.
526 _aSEG42
526 _aSEG41
526 _aSEG40
526 _aSEG39
526 _aP94
526 _aP87
526 _aP86
526 _aP85
526 _aP77
526 _aP76
526 _aP35
650 0 4 _aAutorrealización (Psicología).
650 0 4 _aVida cristiana.
942 _2ddc
_cBOOK
949 _a248.4 J79
_wDEWEY
_c1
_i61946
_lCCODEBUL1
_mBUL
_p15.00
_r0
_sY
_tBOOK
_u2015-6-24
_xTEOLOGIA
_PP35
_0COMPRA
_o.STAFF. Colección General
949 _a248.4 J79
_wDEWEY
_c2
_i53172
_lCCODEBUL1
_mBUL
_p8.00
_r0
_sY
_tBOOK
_u2015-6-24
_xTEOLOGIA
_PP35
_0COMPRA
_o.STAFF. Colección General
994 _aC0
_bPEPRU
596 _a1
999 _a248.4 J79
_wDEWEY
_c35141
_i61946
_f2021-11-10
_g5
_lCCODEBUL1
_mBUL
_p15.00
_r0
_sY
_tBOOK
_u2015-6-24
_xTEOLOGIA
_PP35
_0COMPRA
_o.STAFF. Colección Teología
_d35141
999 _a248.4 J79
_wDEWEY
_c2
_i53172
_f2021-11-10
_g5
_lCCODEBUL1
_mBUL
_p8.00
_r0
_sY
_tBOOK
_u2015-6-24
_xTEOLOGIA
_PP35
_0COMPRA
_o.STAFF. Colección Teología
980 _81
_gALBERTO SANCHEZ Responsable de Automatización